000 00281pab a2200109 454500
008 180718b xxu||||| |||| 00| 0 eng d
100 _aTrivedi, R.S.
245 _aIndian education and educators by 2000 A.D.
650 _aEducation - India
773 _aUniversity News
909 _a24536
999 _c24536
_d24536